000 01950na a2200433 4500
999 _c9130
_d9130
001 19683
003 MIRAKIL
005 20210322155100.0
008 170126b tu 000 0
035 _a19683
040 _aTR-AnCHP
_btur
_cTR-AnCHP
041 _atur
082 _aCHP 324.2372
_bC36s 2011
090 _aBROŞÜR 99
110 _aCumhuriyet Halk Partisi (CHP)
_bBilim, Yönetim ve Kültür Platformu
222 _aSivil toplum programı
245 _aSivil toplum
_bÖzgür insan kardeşçe yaşam
_cCHP Bilim, Yönetim ve Kültür Platformu
246 _aÖzgür insan kardeşçe yaşam
260 _aAnkara
_bCHP
_c2011
300 _a32 s.
_brnkl. fotg.
_c21 sm.
440 _aCumhuriyet Halk Partisi yayınları
_pHerkes için CHP dizisi
_vProgramlar
490 _aCHP Bilim, Yönetim ve Kültür Platformu çalışmaları
_v2
505 _aCumhuriyet Halk Partisi ve sivil toplum - Türkiye'de sivil toplum - Daha güçlü sivil toplum daha güçlü demokrasi -- Daha güçlü sivil toplum için CHP'nin çözüm önerileri
600 _aKılıçdaroğlu, Kemal
_cCHP Genel Başkanı
_xSeçim kampanyaları, 2011
_ySivil toplum
600 _aKılıçdaroğlu, Kemal
_xPropaganda ve ideolojiler
_ySivil toplum
610 _aCHP
_xPropaganda ve ideolojiler
_yKılıçdaroğlu dönemi
_yGenel seçimler, 2011
610 _aCHP
_xSeçim kampanyaları, 2011
_yİnsan hakları
610 _aCHP
_xProgramlar, 2011
_ySivil toplum
610 _aCHP
_xSivil toplum sorunu
_yÇözüm önerileri
651 _aTürkiye
_xSiyaset ve yönetim
_y2011-2015
710 _aCumhuriyet Halk Partisi (CHP)
_bBilim, Yönetim ve Kültür Platformu
740 _aÖzgür insan kardeşçe yaşam
830 _aCHP programları
830 _aHerkes için CHP dizisi
942 _cBKS
999 _d9130